A Prova no Processo do Trabalho 2014

Bibliographic Details
Main Author: Teixeira Filho, Manoel Antonio
Format: eBook
Language:Portuguese
Published: San Pablo: LTR Editora, 2014
Subjects:
Online Access:Acceso restringido

MARC

LEADER 00000nam a22000007a 4500
005 20150529223532.0
007 cr|||| ||||
008 150529s2014 br |||||s|||| 00||0 por d
020 |a 978-85-361-2900-6 
035 |a 12712 
040 |a vLex 
090 |c 5462  |d 5462 
100 1 |a Teixeira Filho, Manoel Antonio 
245 1 2 |a A Prova no Processo do Trabalho 2014  |h [Recurso electrn̤ico] /  |c Manoel Antonio Teixeira Filho 
256 |a Servicio en ln̕ea 
260 |a San Pablo:  |b LTR Editora,  |c 2014 
300 |a 1 recurso electrn̤ico 
500 |a Este livro de Manoel Antonio Teixeira Filho ̌um dos mais completos sobre a matřia. A sua 10® ediȯ̂ atesta o sucesso que a obra vem obtendo, e cuja leitura se tornou indispensv̀el para juz̕es, advogados, membros do Ministřio Pb︢lico, Professores e Acadm̊icos de Direito. Um autn̊tico livro de cabeceira. O autor tem procurado manter o livro atualizado, nô apenas do ponto de vista legislativo, mas, tambm̌, quanto a novos temas de interesse do processo do trabalho. A atitude crt̕ica do autor se manifesta em diversos pontos do texto, como, por exemplo, no Capt̕ulo referente ao n̥us da prova, onde extrai peculiar interpretaȯ̂ do art. 818, da CLT. Particularmente, nesta 10® ediȯ̂ o Prof. Teixeira Filho reformula alguns pontos de vista manifestados nas ediė̳s anteriores, tendo o cuidado de chamar a atenȯ̂ do leitor para este ato. A obra est ̀dividida em trs̊ partes. A primeira trata de generalidades acerca da matřia, compreendendo temas como: natureza jurd̕ica da prova; conceito; verdade real e verdade formal; objeto da prova; finalidade da prova; princp̕ios reitores; momento e lugar de produȯ̂; classificaȯ̂; meios de prova; n̥us da prova; procedimento probatr̤io; valorizaȯ̂ da prova; revelia e produȯ̂ de provas; produȯ̂ antecipada de provas; a prova na aȯ̂ rescisr̤ia; prova e cogniȯ̂. A segunda cuida dos deveres processuais das partes e de terceiros. A terceira esmia︢̇ o interrogatr̤io das partes; a confissô; a prova documental; a prova testemunhal; a prova pericial; a inspeȯ̂ judicial; as presunė̳s e os indc̕ios; a justificaȯ̂ judicial. O que caracteriza o livro ̌o fato de o autor haver examinado, com profundidade e seguranȧ, todos os aspectos da prova no processo do trabalho, sem perder de vista a realidade prt̀ica. Esse ,̌ sem dv︢ida, um dos motivos do enorme sucesso que a obra vem alcanȧndo. 
506 1 |a Disponible solo en los productos indicados  |d vLex Global  |d vLex Global (Academic Edition, excluding Law Schools)  |d vLex Global (U.S. Academic Edition, Law Schools)  |d vLex Global (U.S. Academic Edition, excluding Law Schools)  |d vLex Global (Academic Edition, Law Schools) 
650 0 4 |a Procedimiento Laboral  |z Brasil 
740 0 |a vLex Libros (Servicio en ln̕ea) 
856 4 0 |u http://vlex.com/source/prova-no-processo-do-trabalho-2014-12712  |z Acceso restringido 
942 |c BOOK 
999 0 |a Labour Procedure